00819nam a2200253 a 4500001001300000003000900013005001700022008004100039020002400080082001600104100002100120245008100141260005000222300000900272500003500281505001000316650003600326650003300362700002100395902000800416942000700424952011900431999001500550nice12345678IN_TiNIC20260116013103.0050524s1988 cama grp 000 0 eng  a0521038 c234500a291.22bCAM aCamporesi, Piero aIncorruptible Fleshb Bodily Mutation and Mortification in Religion & Folklo aCambridge bCambridge University Press c1988 a286p aincludes index and biblioraphy2 aIndex aComparative Religion-Human Body aBody-Human-Religious Aspects1 aCamporesi, Piero bSRS cBK 001040708StackRoom-aHMIbHMId2007-07-19g2345.00l0o291.22 CAMp017516r2007-07-19v2345.00w2005-05-24yBK c9604d9604